000 01182cam a2200313 a 4500
999 _c329631
_d329631
001 15578814
003 NUST
005 20170516124534.0
008 090108s2009 flua b 001 0 eng
010 _a 2009000683
015 _aGBA8D1520
_2bnb
016 7 _a014821833
_2Uk
020 _a9781420070064 (hardcover : alk. paper)
020 _a1420070061 (hardcover : alk. paper)
035 _a(OCoLC)ocn276225095
040 _aDLC
_cDLC
_dBTCTA
_dBAKER
_dYDXCP
_dUKM
_dC#P
_dBWX
_dCDX
_dDLC
050 0 0 _aTA775
_b.D2275 2009
082 0 0 _a624.15 DAS
_222
100 1 _aDas, Braja M.,
_d1941-
_9891
245 1 0 _aShallow foundations bearing capacity and settlement /
_cBraja M. Das.
250 _a2nd ed.
260 _aBoca Raton :
_bCRC Press,
_cc2009.
300 _a325 p. :
_bill. ;
_c25 cm.
504 _aIncludes bibliographical references and index.
650 0 _aFoundations.
_9892
650 0 _aSettlement of structures.
_9893
650 0 _aSoil mechanics.
_9558
906 _a7
_bcbc
_corignew
_d1
_eecip
_f20
_gy-gencatlg
942 _2ddc
_cBK